000 00758nam a22001937a 4500
003 UA-OsUOA
001 44263
007 ta
008 20100804b un ||||| |||| 00| 0 ukr d
090 _a050
_bС25
942 _cNP
040 _aUA-OsUOA
_bukr
_cUA-OsUOA
_dUA-OsUOA
245 _aСвобода
_b2010: п'ятниця 16 квітня, №16; п'ятниця 23 квітня, №17; п'ятниця 30 квітня, №18; п'ятниця 2 липня, №27; п'ятниця 9 липня, №28
955 _a4
041 _aukr
080 _a050
650 7 _a050 Серійні публікації. Періодика галузі, Організація та інші типи поєднання (співробітництва)
_2UDC
999 _c424215
_d424215